[Event "BCF-chT 0506 (4NCL)"]
[Site "Birmingham"]
[Date "2005.10.22"]
[Round "1.4"]
[White "Webster, Andrew"]
[Black "Berry, Neil"]
[Result "1/2-1/2"]
[WhiteElo "2411"]
[BlackElo "2289"]
[PlyCount "96"]
[EventDate "2005.10.22"]
[EventType "team"]
[EventRounds "11"]
[EventCountry "ENG"]
[SourceTitle "EXT 2007"]
[Source "ChessBase"]
[SourceDate "2006.11.23"]
[SourceVersion "1"]
[SourceVersionDate "2006.11.23"]
[SourceQuality "1"]
[WhiteTeam "Barbican"]
[BlackTeam "Barbican II"]
[WhiteTeamCountry "ENG"]
[BlackTeamCountry "ENG"]

1. Nf3 d5 2. c4 c6 3. b3 dxc4 4. bxc4 e5 5. Nc3 Nd7 6. d3 Ngf6 7. g3 Bd6 8. Bg2 0-0 9. 0-0 Re8 10. Rb1 Nc5 11. Bg5 h6 12. Bxf6 Qxf6 13. Nd2 Bf5 14. Nde4 Qe7 15. Nxc5 Bxc5 16. Na4 Rab8 17. Qc2 Bd4 18. e3 Bc5 19. Rb3 Rbd8 20. Rfb1 Qd6 21. Qc3 b6 22. Bf1 Re7 23. a3 Red7 24. Rd1 Qe7 25. Nxc5 Qxc5 26. Qb4 Qd6 27. Qxd6 Rxd6 28. f3 Be6 29. Rc3 c5 30. a4 f5 31. Rb1 e4 32. dxe4 fxe4 33. fxe4 Rd1 34. Rcc1 Rxc1 35. Rxc1 Rd2 36. a5 Kf7 37. e5 Bf5 38. axb6 axb6 39. Ra1 Ke6 40. Ra7 g5 41. Rc7 Kxe5 42. Rc6 Rd6 43. Rxd6 Kxd6 44. Kf2 Ke5 45. Ke2 Be4 46. Kd2 Bf3 47. Bd3 Bc6 48. Bf1 Bf3 1/2-1/2

[Event "Guernsey op 29th"]
[Site "Les Dicqs"]
[Date "2003.10.25"]
[Round "7"]
[White "Webster, Andrew"]
[Black "Bellin, Robert"]
[Result "0-1"]
[WhiteElo "2425"]
[BlackElo "2383"]
[PlyCount "60"]
[EventDate "2003.10.19"]
[EventType "swiss"]
[EventRounds "7"]
[EventCountry "GCI"]
[SourceTitle "EXT 2005"]
[Source "ChessBase"]
[SourceDate "2004.11.15"]
[SourceVersion "1"]
[SourceVersionDate "2004.11.15"]
[SourceQuality "1"]

1. Nf3 e6 2. g3 f5 3. Bg2 Nf6 4. 0-0 Be7 5. c4 0-0 6. Nc3 Qe8 7. d3 d6 8. e4 fxe4 9. dxe4 Nc6 10. Nb5 Bd8 11. e5 dxe5 12. Be3 a6 13. Nc3 Be7 14. Re1 Bd7 15. a3 Rd8 16. b4 Bc8 17. Qb1 Ng4 18. Qe4 Nf6 19. Qb1 Ng4 20. Ra2 Nd4 21. Nxe5 Nxe5 22. Bxd4 Rxd4 23. Rxe5 Rxc4 24. Qd3 b5 25. Bd5 exd5 26. Nxd5 Rc1+ 27. Kg2 Bb7 28. Rae2 Qf7 29. Rxe7 Bxd5+ 30. Kh3 Qh5# 0-1

[Event "BCF-chT 0203 (4NCL)"]
[Site "West Bromwich"]
[Date "2003.03.09"]
[Round "6.3"]
[White "Hennigan, Michael"]
[Black "Webster, Andrew"]
[Result "0-1"]
[WhiteElo "2434"]
[BlackElo "2415"]
[PlyCount "71"]
[EventDate "2002.11.??"]
[EventType "team"]
[EventRounds "11"]
[EventCountry "ENG"]
[SourceTitle "EXT 2004"]
[Source "ChessBase"]
[SourceDate "2003.11.25"]
[SourceVersion "1"]
[SourceVersionDate "2003.11.25"]
[SourceQuality "1"]
[WhiteTeam "The ADS"]
[BlackTeam "Barbican"]
[WhiteTeamCountry "ENG"]
[BlackTeamCountry "ENG"]

1. Nf3 d5 2. g3 Bg4 3. Bg2 Nd7 4. 0-0 c6 5. d3 Ngf6 6. Nc3 e5 7. e4 dxe4 8. dxe4 Bb4 9. Qe1 Bxc3 10. Qxc3 Nxe4 11. Qb4 Bxf3 12. Bxf3 Nec5 13. Bg4 Qc7 14. Be3 b6 15. Bxd7+ Nxd7 16. Qg4 g6 17. Bg5 h6 18. Qh4 Qd6 19. Rad1 Qe6 20. Rd2 f6 21. Be3 e4 22. Rfd1 0-0-0 23. Bd4 h5 24. Qf4 g5 25. Qe3 h4 26. Qa3 Nb8 27. Qxa7 c5 28. Be3 Rxd2 29. Rxd2 h3 30. Qg7 Rd8 31. Rxd8+ Kxd8 32. b3 Nd7 33. Qh8+ Kc7 34. Kf1 Qg4 35. Ke1 Ne5 36. Qxf6 0-1

[Event "Guernsey op 27th"]
[Site "Guernsey"]
[Date "2001.10.24"]
[Round "4"]
[White "Webster, Andrew"]
[Black "Hillarp Persson, Tiger"]
[Result "0-1"]
[WhiteElo "2413"]
[BlackElo "2450"]
[PlyCount "82"]
[EventDate "2001.10.21"]
[EventType "swiss"]
[EventRounds "7"]
[EventCountry "GCI"]
[SourceTitle "EXT 2002"]
[Source "ChessBase"]
[SourceDate "2001.11.25"]
[SourceVersion "1"]
[SourceVersionDate "2001.11.25"]
[SourceQuality "1"]

1. Nf3 Nf6 2. c4 c5 3. Nc3 e6 4. g3 b6 5. Bg2 Bb7 6. 0-0 a6 7. Re1 d6 8. e4 Be7 9. d4 cxd4 10. Nxd4 Qc7 11. Be3 0-0 12. Rc1 Nbd7 13. f4 h5 14. h3 Rfe8 15. g4 hxg4 16. hxg4 Nc5 17. Bf2 d5 18. cxd5 Qxf4 19. b4 Nxg4 20. Rc2 exd5 21. Nxd5 Bxd5 22. exd5 Bh4 23. Bxh4 Qh2+ 24. Kf1 Qxh4 25. Rce2 Rxe2 26. Rxe2 Nd7 27. d6 Rf8 28. Nc6 Qg3 29. Kg1 Qh2+ 30. Kf1 Qf4+ 31. Kg1 g6 32. Re4 Qf2+ 33. Kh1 Qh4+ 34. Kg1 Ndf6 35. Qd4 Nxe4 36. Bxe4 Nf6 37. Ne7+ Kg7 38. d7 Qe1+ 39. Kg2 Qxe4+ 40. Qxe4 Nxe4 41. Nc6 Nc3 0-1

[Event "London MSO Banwell Memorial"]
[Site "London"]
[Date "2001.08.22"]
[Round "5"]
[White "Bigg, Andrew J"]
[Black "Webster, Andrew"]
[Result "1-0"]
[WhiteElo "2216"]
[BlackElo "2425"]
[PlyCount "69"]
[EventDate "2001.08.18"]
[EventType "swiss"]
[EventRounds "10"]
[EventCountry "ENG"]
[SourceTitle "EXT 2002"]
[Source "ChessBase"]
[SourceDate "2001.11.25"]
[SourceVersion "1"]
[SourceVersionDate "2001.11.25"]
[SourceQuality "1"]

1. d4 d6 2. e4 c6 3. Nc3 g6 4. h4 Nf6 5. Be2 b5 6. a3 h5 7. Nf3 Bg7 8. Ng5 0-0 9. 0-0 Nbd7 10. Be3 Bb7 11. f4 e5 12. dxe5 dxe5 13. f5 Qe7 14. Qb1 a5 15. Qa2 gxf5 16. Rxf5 Ng4 17. Bxg4 hxg4 18. Raf1 Nf6 19. b4 Rad8 20. Bc5 Rd6 21. Ne2 Bc8 22. Ng3 Rfd8 23. h5 Be6 24. Bxd6 Rxd6 25. Nxe6 fxe6 26. Rxf6 Bxf6 27. Nf5 Qd7 28. Nxd6 Bg5 29. Nf5 Kh7 30. Qa1 exf5 31. Qxe5 Be3+ 32. Kh1 f4 33. Qf5+ Qxf5 34. exf5 Kh6 35. f6 1-0

[Event "BCF-chT 0001 (4NCL)"]
[Site "Birmingham"]
[Date "2001.05.07"]
[Round "11.6"]
[White "Webster, Andrew"]
[Black "Barrett, Stephen J"]
[Result "1/2-1/2"]
[WhiteElo "2435"]
[BlackElo "2217"]
[PlyCount "90"]
[EventDate "2000.09.??"]
[EventType "team"]
[EventRounds "11"]
[EventCountry "ENG"]
[SourceTitle "EXT 2002"]
[Source "ChessBase"]
[SourceDate "2001.11.25"]
[SourceVersion "1"]
[SourceVersionDate "2001.11.25"]
[SourceQuality "1"]
[WhiteTeam "Barbican"]
[BlackTeam "WR"]
[WhiteTeamCountry "ENG"]
[BlackTeamCountry "ENG"]

1. c4 Nf6 2. g3 g6 3. Bg2 Bg7 4. Nc3 0-0 5. e4 d6 6. Nge2 c6 7. 0-0 e5 8. h3 Be6 9. b3 d5 10. exd5 cxd5 11. d4 exd4 12. Nxd4 Nc6 13. Nxe6 fxe6 14. Rb1 Qa5 15. Bd2 d4 16. Na4 Qc7 17. Nc5 Rae8 18. Re1 Nd8 19. Ne4 Nxe4 20. Rxe4 Nc6 21. Qe2 e5 22. b4 Qf7 23. Rb3 d3 24. Qf1 Rd8 25. c5 Nd4 26. Rxd3 Qxa2 27. Re1 Qa6 28. Be4 Qb5 29. Ra3 Qd7 30. Bg5 Ra8 31. Kg2 a6 32. Qc4+ Kh8 33. h4 Rf7 34. Rh1 Raf8 35. Ra2 Qg4 36. Bd5 Rd7 37. Re1 h6 38. Be3 Rfd8 39. f3 Qf5 40. Be4 Qf6 41. Rd2 Nxf3 42. Bxf3 Rxd2+ 43. Bxd2 Rxd2+ 44. Re2 Rd4 45. Qb3 Rd7 1/2-1/2

[Event "BCF-chT 0001 (4NCL)"]
[Site "Birmingham"]
[Date "2001.05.06"]
[Round "10.3"]
[White "Webster, Andrew"]
[Black "Hennigan, Michael"]
[Result "0-1"]
[WhiteElo "2435"]
[BlackElo "2455"]
[PlyCount "104"]
[EventDate "2000.09.??"]
[EventType "team"]
[EventRounds "11"]
[EventCountry "ENG"]
[SourceTitle "EXT 2002"]
[Source "ChessBase"]
[SourceDate "2001.11.25"]
[SourceVersion "1"]
[SourceVersionDate "2001.11.25"]
[SourceQuality "1"]
[WhiteTeam "Barbican"]
[BlackTeam "IND II"]
[WhiteTeamCountry "ENG"]
[BlackTeamCountry "ENG"]

1. Nf3 Nf6 2. g3 g6 3. b4 Bg7 4. Bb2 0-0 5. Bg2 d5 6. 0-0 Nbd7 7. Na3 Re8 8. c4 c6 9. b5 e5 10. bxc6 bxc6 11. Qa4 Bb7 12. Rab1 d4 13. Bxd4 exd4 14. Rxb7 Nc5 15. Qxc6 Nxb7 16. Qxb7 Rb8 17. Qa6 Rxe2 18. Nb5 Ne4 19. Qxa7 Ra8 20. Qb7 Rxa2 21. c5 Nxc5 22. Qc6 Rc2 23. Na3 Re6 24. Qb5 Rb6 25. Qa5 Nb3 26. Qxb6 Qxb6 27. Nxc2 Qc5 28. Na1 Na5 29. d3 Qc3 30. Rd1 Nc6 31. Ng5 Nb4 32. Ne4 Qa3 33. Nc5 Bf8 34. Ncb3 Qb2 35. h4 h5 36. Rd2 Qb1+ 37. Kh2 Bg7 38. Bf3 Bf6 39. Rd1 Qb2 40. Kg2 Qa2 41. Nc5 Be7 42. Ncb3 Qb2 43. Rd2 Qc3 44. Be2 Bf8 45. Rd1 Bh6 46. Na5 Qb2 47. Kf1 Nd5 48. Nc4 Qa2 49. Bf3 Nc3 50. Re1 Kg7 51. Kg2 Bd2 52. Re7 Kf6 0-1

[Event "BCF-chT 0001 (4NCL)"]
[Site "Birmingham"]
[Date "2001.01.28"]
[Round "6.1"]
[White "Ledger, Andrew"]
[Black "Webster, Andrew"]
[Result "1-0"]
[WhiteElo "2443"]
[BlackElo "2435"]
[PlyCount "55"]
[EventDate "2000.09.??"]
[EventType "team"]
[EventRounds "11"]
[EventCountry "ENG"]
[SourceTitle "EXT 2002"]
[Source "ChessBase"]
[SourceDate "2001.11.25"]
[SourceVersion "1"]
[SourceVersionDate "2001.11.25"]
[SourceQuality "1"]
[WhiteTeam "Midland Monarchs"]
[BlackTeam "Barbican II"]
[WhiteTeamCountry "ENG"]
[BlackTeamCountry "ENG"]

1. e4 c5 2. Nc3 Nc6 3. g3 g6 4. d3 Bg7 5. Be3 Qa5 6. Bd2 e6 7. Nge2 b5 8. Qc1 Rb8 9. Bg2 Ba6 10. a3 Nge7 11. 0-0 0-0 12. Bh6 d6 13. Bxg7 Kxg7 14. g4 Qb6 15. Qd2 e5 16. Kh1 Bc8 17. g5 a5 18. f4 b4 19. axb4 axb4 20. Nd1 f5 21. gxf6+ Rxf6 22. Ne3 exf4 23. Nxf4 Nd4 24. Qf2 Ng8 25. Ned5 Qd8 26. Nxf6 Nxf6 27. Ra7+ Kh6 28. Qh4+ 1-0

[Event "BCF-chT 0001 (4NCL)"]
[Site "Birmingham"]
[Date "2001.01.27"]
[Round "5.3"]
[White "Webster, Andrew"]
[Black "Williams, Simon Kim"]
[Result "1-0"]
[WhiteElo "2435"]
[BlackElo "2350"]
[PlyCount "69"]
[EventDate "2000.09.??"]
[EventType "team"]
[EventRounds "11"]
[EventCountry "ENG"]
[SourceTitle "EXT 2002"]
[Source "ChessBase"]
[SourceDate "2001.11.25"]
[SourceVersion "1"]
[SourceVersionDate "2001.11.25"]
[SourceQuality "1"]
[WhiteTeam "Barbican"]
[BlackTeam "Midland Monarchs"]
[WhiteTeamCountry "ENG"]
[BlackTeamCountry "ENG"]

1. g3 f5 2. Bg2 Nf6 3. c4 e6 4. Nc3 Be7 5. d3 0-0 6. e4 fxe4 7. dxe4 Nc6 8. h3 Bc5 9. Nge2 Ne5 10. b3 Nh5 11. f4 Nxg3 12. Nxg3 Qh4 13. Nce2 Nc6 14. Qd3 d5 15. cxd5 Nb4 16. Qc3 e5 17. f5 Rxf5 18. exf5 Bxf5 19. Rf1 Bg6 20. Kd1 Bc2+ 21. Qxc2 Nxc2 22. Kxc2 Bd4 23. Nf5 Qh5 24. Neg3 Qe8 25. Nxd4 exd4 26. Be4 Qb5 27. Bd2 a5 28. a4 Qb6 29. Bd3 Kh8 30. Rf7 Qc5+ 31. Kb2 Qxd5 32. Raf1 g6 33. Bh6 Rg8 34. Rf8 Qg2+ 35. Kb1 1-0

[Event "BCF-ch 87th"]
[Site "Millfield"]
[Date "2000.08.11"]
[Round "11"]
[White "Webster, Andrew"]
[Black "Simons, Martin J"]
[Result "1/2-1/2"]
[WhiteElo "2417"]
[BlackElo "2226"]
[PlyCount "28"]
[EventDate "2000.07.31"]
[EventType "swiss"]
[EventRounds "11"]
[EventCountry "ENG"]
[SourceTitle "CBM 077 Extra"]
[Source "ChessBase"]
[SourceDate "2000.09.14"]
[SourceVersion "1"]
[SourceVersionDate "2000.09.14"]
[SourceQuality "1"]

1. c4 b6 2. e4 Bb7 3. Nc3 e5 4. Nf3 Nc6 5. a3 Nf6 6. g3 a5 7. Bg2 Bc5 8. Nxe5 Nxe5 9. d4 Bd6 10. dxe5 Bxe5 11. 0-0 Bxc3 12. bxc3 d6 13. c5 0-0 14. cxb6 Bxe4 1/2-1/2

[Event "BCF-ch 87th"]
[Site "Millfield"]
[Date "2000.08.09"]
[Round "9"]
[White "Lalic, Bogdan"]
[Black "Webster, Andrew"]
[Result "1-0"]
[WhiteElo "2520"]
[BlackElo "2417"]
[PlyCount "59"]
[EventDate "2000.07.31"]
[EventType "swiss"]
[EventRounds "11"]
[EventCountry "ENG"]
[SourceTitle "CBM 077 Extra"]
[Source "ChessBase"]
[SourceDate "2000.09.14"]
[SourceVersion "1"]
[SourceVersionDate "2000.09.14"]
[SourceQuality "1"]

1. d4 Nf6 2. c4 a6 3. Nc3 c5 4. e3 e6 5. Nf3 d5 6. dxc5 Bxc5 7. a3 0-0 8. Qc2 Nc6 9. b4 Bd6 10. Bb2 Qe7 11. Rd1 Rd8 12. cxd5 exd5 13. Be2 Bg4 14. Ng5 g6 15. Bxg4 Nxg4 16. Nf3 d4 17. Nxd4 Bxh2 18. Qe2 Nxd4 19. Qxg4 f5 20. Qh3 f4 21. Rxh2 fxe3 22. fxe3 Nc2+ 23. Kf2 Rxd1 24. Nxd1 Rd8 25. Ke2 Qf7 26. Qh4 Qd7 27. Qc4+ Kf8 28. Qxc2 Qg4+ 29. Ke1 Qg3+ 30. Qf2+ 1-0

[Event "BCF-ch 87th"]
[Site "Millfield"]
[Date "2000.08.07"]
[Round "7"]
[White "Webster, Andrew"]
[Black "Turner, Matthew"]
[Result "1/2-1/2"]
[WhiteElo "2417"]
[BlackElo "2491"]
[PlyCount "34"]
[EventDate "2000.07.31"]
[EventType "swiss"]
[EventRounds "11"]
[EventCountry "ENG"]
[SourceTitle "CBM 077 Extra"]
[Source "ChessBase"]
[SourceDate "2000.09.14"]
[SourceVersion "1"]
[SourceVersionDate "2000.09.14"]
[SourceQuality "1"]

1. c4 Nf6 2. g3 e6 3. Nf3 d5 4. b3 c5 5. Bg2 Nc6 6. 0-0 Be7 7. e3 0-0 8. Bb2 b6 9. Nc3 Bb7 10. cxd5 exd5 11. d4 Ne4 12. Qb1 Nxc3 13. Bxc3 Ba6 14. Rd1 Be2 15. Rd2 Bxf3 16. Bxf3 cxd4 17. Bxd4 Nxd4 1/2-1/2

[Event "BCF-ch 87th"]
[Site "Millfield"]
[Date "2000.08.05"]
[Round "6"]
[White "Hodgson, Julian M"]
[Black "Webster, Andrew"]
[Result "1/2-1/2"]
[WhiteElo "2640"]
[BlackElo "2417"]
[PlyCount "59"]
[EventDate "2000.07.31"]
[EventType "swiss"]
[EventRounds "11"]
[EventCountry "ENG"]
[SourceTitle "CBM 077 Extra"]
[Source "ChessBase"]
[SourceDate "2000.09.14"]
[SourceVersion "1"]
[SourceVersionDate "2000.09.14"]
[SourceQuality "1"]

1. d4 g6 2. e4 Bg7 3. Nc3 c6 4. Be3 d6 5. Qd2 b5 6. Nf3 Nd7 7. Bd3 Qc7 8. 0-0 Ngf6 9. Bh6 0-0 10. Ne2 c5 11. c3 a5 12. Ng3 b4 13. Bxg7 Kxg7 14. Qg5 bxc3 15. bxc3 e6 16. e5 Ng8 17. exd6 Qxd6 18. Ne4 Qe7 19. Nxc5 Qxg5 20. Nxg5 Nxc5 21. dxc5 Bd7 22. Rab1 Rfc8 23. Rb7 Nf6 24. Bb5 Bxb5 25. Rxb5 h6 26. Nf3 Ne4 27. Rc1 Rxc5 28. Rxc5 Nxc5 29. Rb1 Ne4 30. c4 1/2-1/2

[Event "Smith & Williamson YM 10th"]
[Site "Witley"]
[Date "2000.07.20"]
[Round "7"]
[White "Webster, Andrew"]
[Black "Bates, Richard"]
[Result "1-0"]
[WhiteElo "2417"]
[BlackElo "2357"]
[PlyCount "82"]
[EventDate "2000.07.14"]
[EventType "swiss"]
[EventRounds "9"]
[EventCountry "ENG"]
[SourceTitle "CBM 077 Extra"]
[Source "ChessBase"]
[SourceDate "2000.09.14"]
[SourceVersion "1"]
[SourceVersionDate "2000.09.14"]
[SourceQuality "1"]

1. g3 g6 2. Bg2 Bg7 3. c4 Nf6 4. Nc3 0-0 5. e4 c5 6. Nge2 Nc6 7. d3 d6 8. 0-0 a6 9. Rb1 Rb8 10. a4 Bd7 11. h3 Ne8 12. Be3 Nc7 13. d4 b6 14. f4 Na5 15. b3 cxd4 16. Bxd4 b5 17. Bxg7 Kxg7 18. cxb5 axb5 19. b4 Nc4 20. a5 Qc8 21. Kh2 Qa6 22. Nd5 Nxd5 23. exd5 e5 24. dxe6 fxe6 25. Qd4+ Kg8 26. Nc3 Bc6 27. Rbe1 Bxg2 28. Kxg2 Qc6+ 29. Qe4 Qxe4+ 30. Nxe4 h6 31. Re2 Rfc8 32. h4 Kf7 33. Rh1 Rc6 34. h5 Re8 35. g4 d5 36. Nc5 Nxa5 37. hxg6+ Kxg6 38. Nxe6 Nc4 39. f5+ Kf7 40. Rxh6 d4 41. Ng5+ Kg7 1-0

[Event "Smith & Williamson YM 10th"]
[Site "Witley"]
[Date "2000.07.14"]
[Round "1"]
[White "Vigus, James"]
[Black "Webster, Andrew"]
[Result "0-1"]
[WhiteElo "2266"]
[BlackElo "2417"]
[PlyCount "48"]
[EventDate "2000.07.14"]
[EventType "swiss"]
[EventRounds "9"]
[EventCountry "ENG"]
[SourceTitle "CBM 077 Extra"]
[Source "ChessBase"]
[SourceDate "2000.09.14"]
[SourceVersion "1"]
[SourceVersionDate "2000.09.14"]
[SourceQuality "1"]

1. g3 d5 2. Bg2 Nf6 3. f4 h5 4. Nf3 Bf5 5. d3 e6 6. e3 c5 7. Nbd2 Nc6 8. 0-0 Qb6 9. Ne5 Nxe5 10. fxe5 Ng4 11. Nf3 Qc7 12. Nh4 Bh7 13. c4 dxc4 14. Qa4+ Kd8 15. Bd2 Rb8 16. dxc4 Nxe5 17. Ba5 b6 18. Rad1+ Bd6 19. Bc3 Ke7 20. Bxe5 Bxe5 21. Nf3 Bf6 22. e4 Bxe4 23. Ne5 Rhd8 24. Bxe4 Bxe5 0-1

[Event "BCF-chT 9900 (4NCL)"]
[Site "Birmingham"]
[Date "2000.04.30"]
[Round "10.5"]
[White "Hanley, Craig"]
[Black "Webster, Andrew"]
[Result "0-1"]
[WhiteElo "2231"]
[BlackElo "2401"]
[PlyCount "122"]
[EventDate "1999.10.??"]
[EventType "team"]
[EventRounds "11"]
[EventCountry "ENG"]
[SourceTitle "EXT 2000"]
[Source "ChessBase"]
[SourceDate "1999.11.16"]
[SourceVersion "1"]
[SourceVersionDate "1999.11.16"]
[SourceQuality "1"]
[WhiteTeam "Bristol"]
[BlackTeam "BIG"]
[WhiteTeamCountry "ENG"]
[BlackTeamCountry "ENG"]

1. c4 b6 2. Nc3 Bb7 3. e4 e6 4. Nf3 Bb4 5. Bd3 Ne7 6. 0-0 0-0 7. Bc2 f5 8. d4 Bxc3 9. bxc3 Bxe4 10. Bxe4 fxe4 11. Ng5 h6 12. Nxe4 Nbc6 13. Qg4 Nf5 14. Bf4 d6 15. Rfe1 Qh4 16. Qxh4 Nxh4 17. Bg3 Nf5 18. c5 bxc5 19. dxc5 d5 20. Nd2 Nxg3 21. hxg3 e5 22. c4 d4 23. Nf3 Rfe8 24. Re4 Kf7 25. Ne1 Rab8 26. Nd3 a5 27. Rae1 a4 28. f4 exf4 29. Rxe8 Rxe8 30. Rxe8 Kxe8 31. gxf4 Na5 32. Ne5 Nb3 33. Nf3 Nc1 34. a3 Ne2+ 35. Kf2 Nxf4 36. Nxd4 Nd3+ 37. Ke3 Nxc5 38. Nf5 Kf7 39. Kd4 Ne6+ 40. Ke5 h5 41. Ng3 h4 42. Ne4 Ke7 43. Kf5 Nd4+ 44. Kg5 Nc2 45. Nc3 Nxa3 46. Nxa4 Nxc4 47. Kxh4 Kf6 48. Kg4 Ne5+ 49. Kf4 Nd7 50. Nc3 c5 51. Nd5+ Kf7 52. Kf5 g6+ 53. Kg5 c4 54. Kf4 Ke6 55. Ke4 Nf6+ 56. Nxf6 Kxf6 57. Kd4 Kf5 58. Kxc4 Ke4 59. Kc5 g5 60. Kd6 g4 61. Ke6 g3 0-1

[Event "Goodricke op 11th"]
[Site "Kolkata"]
[Date "2000.02.14"]
[Round "9"]
[White "Ibragimov, Ildar"]
[Black "Webster, Andrew"]
[Result "1/2-1/2"]
[WhiteElo "2611"]
[BlackElo "2401"]
[PlyCount "88"]
[EventDate "2000.02.05"]
[EventType "swiss"]
[EventRounds "11"]
[EventCountry "IND"]
[SourceTitle "CBM 074 Extra"]
[Source "ChessBase"]
[SourceDate "2000.03.10"]
[SourceVersion "2"]
[SourceVersionDate "2000.03.10"]
[SourceQuality "1"]

1. Nf3 Nf6 2. c4 Nc6 3. d4 e6 4. Nc3 Bb4 5. e3 0-0 6. Bd3 d6 7. 0-0 e5 8. Ne4 Ba5 9. a3 Bb6 10. dxe5 Nxe4 11. Bxe4 Nxe5 12. b3 Qe7 13. Bb2 Nxc4 14. Bxh7+ Kxh7 15. Qd3+ Kg8 16. bxc4 Re8 17. h3 Qe4 18. Qc3 f6 19. Nd2 Qh4 20. Qd3 Be6 21. e4 Rad8 22. Rae1 Qg5 23. Kh2 Ba5 24. f4 Qc5 25. Bd4 Qc6 26. Bc3 Bxc3 27. Qxc3 b5 28. Rc1 Bxc4 29. Nxc4 bxc4 30. Qxc4+ Qxc4 31. Rxc4 Re7 32. Rd1 c6 33. Kg3 d5 34. Rcd4 Rde8 35. exd5 Re3+ 36. Kg4 cxd5 37. a4 Ra3 38. R1d3 Ra2 39. Rd2 Ra3 40. Kf5 Kf7 41. Kg4 Kg6 42. Rxd5 Rxa4 43. h4 Ree4 44. Rf5 Re5 1/2-1/2

[Event "Hastings Challengers"]
[Site "Hastings"]
[Date "2000.01.06"]
[Round "9"]
[White "Prescha, Frank"]
[Black "Webster, Andrew"]
[Result "0-1"]
[WhiteElo "2303"]
[BlackElo "2427"]
[PlyCount "59"]
[EventDate "1999.12.29"]
[EventType "swiss"]
[EventRounds "9"]
[EventCountry "ENG"]
[SourceTitle "CBM 074 Extra"]
[Source "ChessBase"]
[SourceDate "2000.03.10"]
[SourceVersion "2"]
[SourceVersionDate "2000.03.10"]
[SourceQuality "1"]

1. e4 g6 2. Nf3 Bg7 3. g3 Nf6 4. d3 d5 5. Nbd2 b6 6. Bg2 Bb7 7. 0-0 dxe4 8. Ng5 Nc6 9. Ngxe4 Qd7 10. Nxf6+ Bxf6 11. Nc4 h5 12. Re1 h4 13. Bf4 hxg3 14. hxg3 0-0-0 15. a4 Nd4 16. Re4 Rh5 17. a5 b5 18. Ne3 Rdh8 19. g4 R5h7 20. Bg3 Bg7 21. c3 Ne6 22. a6 Bc6 23. c4 bxc4 24. Rc1 c3 25. bxc3 Nc5 26. Qf3 Qxd3 27. Rxe7 Bxf3 28. Bxf3 Rh3 29. Rd1 Rxg3+ 30. fxg3 0-1

[Event "West Wales op"]
[Site "Swansea"]
[Date "1999.09.11"]
[Round "3.2"]
[White "Cobb, James"]
[Black "Webster, Andrew"]
[Result "0-1"]
[WhiteElo "2380"]
[BlackElo "2448"]
[PlyCount "62"]
[EventDate "1999.09.??"]
[EventType "swiss"]
[EventRounds "5"]
[EventCountry "WLS"]
[SourceTitle "EXT 2004"]
[Source "ChessBase"]
[SourceDate "2003.11.25"]
[SourceVersion "1"]
[SourceVersionDate "2003.11.25"]
[SourceQuality "1"]

1. e4 g6 2. f4 d5 3. e5 c5 4. Nf3 Nc6 5. Bb5 Bd7 6. Nc3 e6 7. 0-0 h5 8. f5 gxf5 9. d3 d4 10. Ne2 Nxe5 11. Nxe5 Bxb5 12. Nf4 Qc7 13. Qe2 0-0-0 14. a4 Be8 15. c3 dxc3 16. bxc3 Bg7 17. Nc4 Bxc3 18. Bb2 Bxb2 19. Qxb2 Rh7 20. a5 Ne7 21. Rac1 Nc6 22. Ne2 h4 23. h3 Rxd3 24. Rfd1 Rd5 25. Rxd5 exd5 26. Ne3 d4 27. Nxf5 Qe5 28. a6 Qxf5 29. Qxb7+ Kd8 30. Nxd4 cxd4 31. Re1 Rh8 0-1

[Event "West Wales op"]
[Site "Swansea"]
[Date "1999.09.10"]
[Round "1.2"]
[White "O'Brien, Richard"]
[Black "Webster, Andrew"]
[Result "0-1"]
[WhiteElo "2086"]
[BlackElo "2448"]
[PlyCount "52"]
[EventDate "1999.09.??"]
[EventType "swiss"]
[EventRounds "5"]
[EventCountry "WLS"]
[SourceTitle "EXT 2004"]
[Source "ChessBase"]
[SourceDate "2003.11.25"]
[SourceVersion "1"]
[SourceVersionDate "2003.11.25"]
[SourceQuality "1"]

1. e4 c6 2. d4 d6 3. c4 Nd7 4. Nc3 e5 5. Nf3 Ngf6 6. Be2 a6 7. 0-0 b5 8. a3 Be7 9. d5 cxd5 10. cxb5 d4 11. Nd5 Nxd5 12. exd5 Nb6 13. bxa6 Bxa6 14. Bxa6 Rxa6 15. b4 Nxd5 16. Bb2 Qa8 17. Re1 0-0 18. g3 Rc8 19. Qd3 Bf6 20. h4 Nc3 21. Ng5 g6 22. b5 Ra5 23. f4 Rxb5 24. Bxc3 Rxc3 25. Qe4 d5 26. Qg2 Rbb3 0-1

[Event "Coulsdon op"]
[Site "Coulsdon"]
[Date "1999.09.02"]
[Round "5"]
[White "Murey, Jacob"]
[Black "Webster, Andrew"]
[Result "1-0"]
[WhiteElo "2475"]
[BlackElo "2427"]
[PlyCount "29"]
[EventDate "1999.08.28"]
[EventType "swiss"]
[EventRounds "9"]
[EventCountry "ENG"]
[SourceTitle "EXT 2000"]
[Source "ChessBase"]
[SourceDate "1999.11.16"]
[SourceVersion "1"]
[SourceVersionDate "1999.11.16"]
[SourceQuality "1"]

1. e4 e6 2. d4 d5 3. Nc3 Bb4 4. e5 Ne7 5. Qg4 c5 6. Nf3 Nbc6 7. a3 Qa5 8. Bd2 Ng6 9. 0-0-0 cxd4 10. Nxd4 h5 11. Qg3 Bxa3 12. Nb3 Qc7 13. Nb5 Qb8 14. bxa3 Ngxe5 15. Bb4 1-0